000 00293nam a2200121Ia 4500
008 190722s9999 xx 000 0 und d
020 _a978-81-315-2185-4
100 _aSoheila R.Lunney
245 4 _aThe Procurement Game Plan
260 _aIndia
_bJ.Ross
_c2012
300 _a251
942 _cBK
999 _c1020
_d1020